Using computers for office management: a review of computer systems for job costing, fee calculation, management and resource control in construction industry professional offices. (Record no. 96003)

MARC details
000 -LEADER
fixed length control field 01073cam a2200277 4500
008 - FIXED-LENGTH DATA ELEMENTS--GENERAL INFORMATION
fixed length control field 090401t1992 xxu||||| |||| 00| 0 eng d
020 ## - INTERNATIONAL STANDARD BOOK NUMBER
International Standard Book Number 0906225183
035 ## - SYSTEM CONTROL NUMBER
System control number (Sirsi) u75379
041 ## - LANGUAGE CODE
Language code of text/sound track or separate title eng
050 ## - LIBRARY OF CONGRESS CALL NUMBER
Classification number 690.0285
100 ## - MAIN ENTRY--PERSONAL NAME
Personal name Winterkorn, Erik
245 ## - TITLE STATEMENT
Title Using computers for office management: a review of computer systems for job costing, fee calculation, management and resource control in construction industry professional offices.
260 ## - PUBLICATION, DISTRIBUTION, ETC.
Place of publication, distribution, etc. Cambridge
Name of publisher, distributor, etc. Construction Industry Computing Associat
Date of publication, distribution, etc. 1992
300 ## - PHYSICAL DESCRIPTION
Extent 114p. ; 30cm.
350 ## - PRICE (NR) (BK AM CF MU VM SE) [OBSOLETE]
Price 35
520 ## - SUMMARY, ETC.
Summary, etc. A survey of software, using information supplied by vendors, together with six case studies, which include interviews with users. Produced jointly with Gary Lucas Management Ltd.
650 ## - SUBJECT ADDED ENTRY--TOPICAL TERM
Topical term or geographic name entry element BUILDING INDUSTRY
650 ## - SUBJECT ADDED ENTRY--TOPICAL TERM
Topical term or geographic name entry element FEES
650 ## - SUBJECT ADDED ENTRY--TOPICAL TERM
Topical term or geographic name entry element SOFTWARE
690 ## - LOCAL SUBJECT ADDED ENTRY--TOPICAL TERM (OCLC, RLIN)
Topical term or geographic name as entry element MANAGEMENT-BUSINESS MANAGEMENT-INFORMATION MANAGEMENT
700 ## - ADDED ENTRY--PERSONAL NAME
Personal name Lucas, J.
700 ## - ADDED ENTRY--PERSONAL NAME
Personal name Biddle, D.
710 ## - ADDED ENTRY--CORPORATE NAME
Corporate name or jurisdiction name as entry element Construction Industry Computing Association
9 (RLIN) 2635
942 ## - ADDED ENTRY ELEMENTS (KOHA)
Suppress in OPAC 0
948 ## - LOCAL PROCESSING INFORMATION (OCLC); SERIES PART DESIGNATOR (RLIN)
c (OCLC) 04/03/1997
Holdings
Withdrawn status Lost status Source of classification or shelving scheme Damaged status Not for loan Home library Current library Shelving location Date acquired Cost, normal purchase price Total Checkouts Full call number Barcode Date last seen Copy number Cost, replacement price Price effective from Koha item type
    Dewey Decimal Classification     London London Basement 07/04/1992 35.00   SHELF 203 30032600 06/08/2019 1 35.00 06/08/2019 Book